000 00583nam a2200229Ia 4500
003 OSt
005 20220924151340.0
006 a|||||r|||| 00| 0
007 ta
008 220923b |||||||| |||| 00| 0 ara d
024 _a337288
037 _cTextual
040 _aARTS
_cARTS
_bara
041 _2ara
_aara
082 _aO28,1D7621,1, D3
100 _aAhlwardt W Ed.
_9224072
245 0 _aMajmua-i-ashaar-al-Arab
260 _c1903
650 _aARABIC POETRY
942 _hO28,1D7621,1, D3
_cTEXL
_2CC
999 _c466271
_d466271